Ruralism: a new socio-economic philosophy (Record no. 348783)

000 -LEADER
fixed length control field 00386cam a22001337a 4500
008 - FIXED-LENGTH DATA ELEMENTS--GENERAL INFORMATION
fixed length control field 180718b1980 xxu||||| |||| 00| 0 eng d
082 ## - DEWEY DECIMAL CLASSIFICATION NUMBER
Classification number B135x54 K897
100 ## - MAIN ENTRY--PERSONAL NAME
Personal name Krishnaswamy, S.Y.
245 ## - TITLE STATEMENT
Title Ruralism: a new socio-economic philosophy
Statement of responsibility, etc. by S.Y. Krishnaswamy
260 ## - PUBLICATION, DISTRIBUTION, ETC.
Place of publication, distribution, etc. Bangalore
Name of publisher, distributor, etc. IBH
Date of publication, distribution, etc. 1980
300 ## - PHYSICAL DESCRIPTION
Extent 131p.
650 ## - SUBJECT ADDED ENTRY--TOPICAL TERM
Topical term or geographic name entry element Villages - India
650 ## - SUBJECT ADDED ENTRY--TOPICAL TERM
Topical term or geographic name entry element Sociology, Rural - India
Holdings
Withdrawn status Lost status Damaged status Not for loan Permanent Location Current Location Date acquired Full call number Barcode Date last seen Price effective from Koha item type
        Indian Institute of Public Administration Indian Institute of Public Administration 1993-10-27 B135x54 K897 56229 2018-07-21 2018-07-21 Book

Powered by Koha